Statistics for 20 Most Consumed Vegetables in the United States

Click here to take the quiz!

General Stats

  • This quiz has been taken 1,193 times
  • The average score is 12 of 20

Answer Stats

Vegetables% Correct
Carrots
91%
Tomatoes
84%
Lettuce (Head)
82%
Lettuce (Leaf and Romaine)
82%
Onions
77%
Broccoli
74%
Potatoes
73%
(Sweet) Corn
73%
Cucumbers
64%
Cabbage
62%
(Bell) Peppers
58%
Cauliflower
57%
Garlic
50%
Spinach
50%
Celery
43%
Green Beans
43%
Squash
41%
Pumpkins
38%
Sweet Potatoes
35%
Mushrooms
34%

Score Distribution

Percentile by Number Answered

Percent of People with Each Score

Your Score History

You have not taken this quiz